Синтез гамма-пиридилзамещенных пара-нитрозофенолов с бутоксикарбонильными заместителями; Химия и химическая технология в XXI веке

Bibliografiset tiedot
Parent link:Химия и химическая технология в XXI веке.— 2018.— [С. 223-224]
Päätekijä: Раджабов А. Д. Амирбек Джурабекович
Yhteisötekijä: Сибирский государственный университет науки и технологий имени академика М. Ф. Решетнева (СибГУ)
Muut tekijät: Кукушкин А. А. (научный руководитель), Роот Е. В., Товбис М. С.
Yhteenveto:Заглавие с экрана
Kieli:venäjä
Julkaistu: 2018
Sarja:Химия и химическая технология органических веществ и материалов
Aiheet:
Linkit:http://earchive.tpu.ru/handle/11683/49694
Aineistotyyppi: MixedMaterials Elektroninen Kirjan osa
KOHA link:https://koha.lib.tpu.ru/cgi-bin/koha/opac-detail.pl?biblionumber=626858

MARC

LEADER 00000naa2a2200000 4500
001 626858
005 20241017093616.0
035 |a (RuTPU)RU\TPU\conf\26512 
035 |a RU\TPU\conf\26487 
090 |a 626858 
100 |a 20180806d2018 k y0rusy50 ca 
101 0 |a rus 
102 |a RU 
105 |a y z 101zy 
135 |a drgn ---uucaa 
181 0 |a i  
182 0 |a b 
200 1 |a Синтез гамма-пиридилзамещенных пара-нитрозофенолов с бутоксикарбонильными заместителями  |f А. Д. Раджабов, А. А. Кукушкин, Е. В. Роот  |g науч. рук. М. С. Товбис 
203 |a Текст  |c электронный 
225 1 |a Химия и химическая технология органических веществ и материалов 
300 |a Заглавие с экрана 
320 |a [Библиогр.: с. 224 (5 назв.)] 
463 0 |0 (RuTPU)RU\TPU\conf\26227  |t Химия и химическая технология в XXI веке  |o материалы XIX Международной научно-практической конференции студентов и молодых ученых имени профессора Л. П. Кулёва, 21-24 мая 2018 г., г. Томск  |f Национальный исследовательский Томский политехнический университет  |v [С. 223-224]  |d 2018 
610 1 |a электронный ресурс 
610 1 |a синтез 
610 1 |a аминофенолы 
610 1 |a пиридиновые заместители 
610 1 |a соли 
700 1 |a Раджабов  |b А. Д.  |c химик-технолог  |c младший научный сотрудник Томского политехнического университета  |f 1997-  |g Амирбек Джурабекович  |y Томск  |9 22811 
701 1 |a Кукушкин  |b А. А. 
701 1 |a Роот  |b Е. В. 
702 1 |a Товбис  |b М. С.  |4 727 
712 0 2 |a Сибирский государственный университет науки и технологий имени академика М. Ф. Решетнева (СибГУ)  |c (Красноярск)  |c (2017- )  |3 (RuTPU)RU\TPU\col\23778 
801 2 |a RU  |b 63413507  |c 20180821  |g RCR 
856 4 |u http://earchive.tpu.ru/handle/11683/49694 
942 |c BK